| 000 | 00439nam a22001697a 4500 | ||
|---|---|---|---|
| 003 | BD-ChCU | ||
| 005 | 20260308104132.0 | ||
| 008 | 260308b bg ||||| |||| 00| 0 ben d | ||
| 040 | _cBD-ChCU | ||
| 082 | _a335.4 THS | ||
| 100 |
_aThomas , Ivor . _920808 |
||
| 245 |
_aThe socialist tragedy ./ _cIvor . Thomas . |
||
| 260 |
_aLondon : _bLatimer house , _cC 1949 |
||
| 300 | _a254p. | ||
| 650 | 0 |
_aSocialism. _920809 |
|
| 942 |
_2ddc _cBK _n0 |
||
| 999 |
_c111858 _d111858 |
||